00509cam a22002051i 4500001001300000003000400013005001700017008004100034010001700075035002000092040001700112042001200129050001800141100001900159245003900178260002200217300002000239610002700259999001700286he 68004353 DLC20260227111508.0890508s1964 is 000 0 heb  ahe 68004353  a(OCoLC)19857097 aDLCcNNdDLC apremarc00aDS126b.A56471 aAlon, Yehudah.10aMi-maḥteret li-tseva-ha-medinah. a[Afiḳim,c1964] a15 p. ;c17 cm.20aHaganah (Organization) c34079d34079